L'opera completa di Boldini

Bibliographic Details
Main Authors: Ragghianti, Carlo L., Camesasca, Ettore
Format: Section = Libro
Language:Undetermined
Spanish
Published: Milano Rizzoli 1970
Subjects:
LEADER 00457nam a2200181Ia 4500
008 240829s9999 xx 000 0 und d
040 |a BIBLIOTECA-RUSB/ Ref 750 R142 
041 |a spa 
082 |a Ref 750 R142 
100 1 |a Ragghianti, Carlo L.  
100 1 |b  Camesasca, Ettore 
245 1 0 |a L'opera completa di Boldini 
260 |a Milano  |b Rizzoli  |c 1970 
300 |a 139 p. :il. 
650 7 |a PINTURAS BOLDINI 
942 |c BK  |2 ddc 
991 |a TEXTO 
999 |c 6662